City of God = (Record no. 268014)
[ view plain ]
| 000 -LEADER | |
|---|---|
| fixed length control field | 01994ngm a2200421Ma 4500 |
| 001 - CONTROL NUMBER | |
| control field | ocn232995561 |
| 003 - CONTROL NUMBER IDENTIFIER | |
| control field | OCoLC |
| 005 - DATE AND TIME OF LATEST TRANSACTION | |
| control field | 20200320182705.0 |
| 007 - PHYSICAL DESCRIPTION FIXED FIELD--GENERAL INFORMATION | |
| fixed length control field | vd cgauzs |
| 008 - FIXED-LENGTH DATA ELEMENTS--GENERAL INFORMATION | |
| fixed length control field | 060221s2002 xxu130 mlpor d |
| 020 ## - INTERNATIONAL STANDARD BOOK NUMBER | |
| Terms of availability | 11.49 |
| 024 1# - OTHER STANDARD IDENTIFIER | |
| Standard number or code | 786936223897 |
| 024 1# - OTHER STANDARD IDENTIFIER | |
| Standard number or code | 0788847767 (ISBN) |
| 028 40 - PUBLISHER NUMBER | |
| Publisher number | 31545 |
| Source | Miramax home entertainment |
| 035 ## - SYSTEM CONTROL NUMBER | |
| System control number | (OCoLC)232995561 |
| 040 ## - CATALOGING SOURCE | |
| Original cataloging agency | EIP |
| Transcribing agency | EIP |
| Modifying agency | WACOL |
| 049 ## - LOCAL HOLDINGS (OCLC) | |
| Holding library | WACL |
| 092 ## - LOCALLY ASSIGNED DEWEY CALL NUMBER (OCLC) | |
| Classification number | DVD |
| Item number | Cit |
| 245 00 - TITLE STATEMENT | |
| Title | City of God = |
| Remainder of title | Cidade de Deus |
| Medium | [videorecording] / |
| Statement of responsibility, etc | directed by Fernando Meirelles and Kátia Lund. |
| 246 11 - VARYING FORM OF TITLE | |
| Display text | Original title: |
| Title proper/short title | Cidade de Deus |
| Medium | [DVD] |
| 260 ## - PUBLICATION, DISTRIBUTION, ETC. (IMPRINT) | |
| Place of publication, distribution, etc | United States : |
| Name of publisher, distributor, etc | O2 Filmes Videofilmes, |
| Date of publication, distribution, etc | 2002. |
| 300 ## - PHYSICAL DESCRIPTION | |
| Extent | 1 DVD (130 min.): |
| Other physical details | sd., col. ; |
| Dimensions | 4 3/4 in. |
| 500 ## - GENERAL NOTE | |
| General note | NOTE: Based on the novel by Paulo Lins. |
| 500 ## - GENERAL NOTE | |
| General note | LANGUAGES: Sound available in: Brazilian Portuguese. Subtitles available in: English. |
| 508 ## - CREATION/PRODUCTION CREDITS NOTE | |
| Creation/production credits note | CREDITS: Directed by Fernando Meirelles Kátia Lund (co-director) Writing credits Paulo Lins (novel) Bráulio Mantovani (screenplay) |
| 511 0# - PARTICIPANT OR PERFORMER NOTE | |
| Participant or performer note | ACTORS: Alexandre Rodrigues .... Buscapé - Rocket Leandro Firmino .... Zé Pequeno - Li'l Zé (as Leandro Firmino da Hora) Phellipe Haagensen .... Bené - Benny Douglas Silva .... Dadinho - Li'l Dice Jonathan Haagensen .... Cabeleira - Shaggy |
| 520 ## - SUMMARY, ETC. | |
| Summary, etc | SUMMARY: "Two boys growing up in a violent neighborhood of Rio de Janeiro take different paths: one becomes a photographer, the other a drug dealer." IMDB |
| 538 ## - SYSTEM DETAILS NOTE | |
| System details note | FORMAT: DVD, Standard: NTSC, Region code: 1 (US and Canada). |
| 700 1# - ADDED ENTRY--PERSONAL NAME | |
| Personal name | Meirelles, Fernando. |
| 9 (RLIN) | 77253 |
| 700 1# - ADDED ENTRY--PERSONAL NAME | |
| Personal name | Lins, Paulo, |
| Dates associated with a name | 1958- |
| 9 (RLIN) | 5845394 |
| 700 1# - ADDED ENTRY--PERSONAL NAME | |
| Personal name | Mantovani, Bráulio. |
| 9 (RLIN) | 5845395 |
| 700 1# - ADDED ENTRY--PERSONAL NAME | |
| Personal name | Müller, Anna Luiza. |
| 9 (RLIN) | 5845396 |
| 700 1# - ADDED ENTRY--PERSONAL NAME | |
| Personal name | Lund, Kátia. |
| 9 (RLIN) | 5845397 |
| 942 ## - ADDED ENTRY ELEMENTS (KOHA) | |
| Koha item type | DVD |
| 948 ## - LOCAL PROCESSING INFORMATION (OCLC); SERIES PART DESIGNATOR (RLIN) | |
| Series part designator, SPT (RLIN) | 08/13/2008 |
| b (OCLC) | 08/30/2012 |
| z (OCLC) | Sirsi |
| 994 ## - | |
| -- | 02 |
| -- | WACOL |
| 996 ## - | |
| -- | 64974 |
| -- | 34301000768160 |
| -- | DVD |
| -- | DVD |
| -- | wcl |
| -- | i |
| -- | 105 |
| -- | 18.99 |
| -- | Amazon.com |
| -- | Cit |
| -- | 08/13/2008 |
| -- | 04/12/2019 |
| -- | 03/29/2019 |
| Withdrawn status | Lost status | Source of classification or shelving scheme | Damaged status | Not for loan | Collection code | Home library | Current library | Shelving location | Date acquired | Source of acquisition | Cost, normal purchase price | Total Checkouts | Total Renewals | Full call number | Barcode | Date last seen | Date checked out | Cost, replacement price | Price effective from | Koha item type |
|---|---|---|---|---|---|---|---|---|---|---|---|---|---|---|---|---|---|---|---|---|
| Dewey Decimal Classification | Movies | Wasatch County Library | Wasatch County Library | Audio Visual Area | 08/13/2008 | Amazon | 18.99 | 110 | 5 | DVD Cit | 34301000768160 | 05/05/2025 | 03/28/2025 | 18.99 | 03/20/2020 | DVD |
